Dream work The Epic Of Captain Underpants The Maniacal Mischief Of the Marauding Monsters/ (Record no. 203260)

MARC details
000 -LEADER
fixed length control field 00538 a2200193 4500
005 - DATE AND TIME OF LATEST TRANSACTION
control field 20240527112824.0
010 ## - LCCN (DPL NO)
LC control number B-759188
020 ## - INTERNATIONAL STANDARD BOOK NUMBER
International Standard Book Number 9789354716522
Terms of availability 499.00
035 ## - SYSTEM CONTROL NUMBER
System control number B-759188
037 ## - SOURCE OF ACQUISITION
Source of stock number/acquisition Gift
082 ## - DEWEY DECIMAL CLASSIFICATION NUMBER
Classification number S
245 ## - TITLE STATEMENT
Title Dream work The Epic Of Captain Underpants The Maniacal Mischief Of the Marauding Monsters/
260 ## - PUBLICATION, DISTRIBUTION, ETC. (IMPRINT)
Place of publication, distribution, etc New York
Name of publisher, distributor, etc Scholastic Inc.
Date of publication, distribution, etc 2023
270 ## - ADDRESS
Address New York
City New York
300 ## - PHYSICAL DESCRIPTION
Extent 80 p.
Dimensions 22 cm(Pb)
700 ## - ADDED ENTRY--PERSONAL NAME
9 (RLIN) 66848
942 ## - ADDED ENTRY ELEMENTS (KOHA)
Institution code [OBSOLETE] dpl
Item type Children Books
Source of classification or shelving scheme Dewey Decimal Classification
Classification part S
Call number suffix DRE
Holdings
Withdrawn status Lost status Not for loan Collection code Home library Current library Date acquired Source of acquisition Cost, normal purchase price Full call number Barcode Copy number Cost, replacement price Koha item type Public note
      Fiction Shahdara Branch Shahdara Branch 27/05/2024 Gift/20.5.24 499.00 S DRE B-759188 1 499.00 Children Books Gift

© Delhi Public Library
Hit Counter
free hit counter